000 01235nam a2200289Ia 4500
003 OSt
005 20200811144206.0
008 191128s2017 c ad fr 000 0 s d
020 _a9789585634343
040 _aCO-JMCR
_cCO-JMCR
041 0 _aspa
082 0 4 _a343.099 /
_bB456c
_223
100 1 _aBernal Salazar, Raquel
_eautora
_98585
245 1 0 _aComisión del gasto y la inversión pública :
_binforme final /
_cRaquel Bernal, Jorge Iván González, Juan Carlos Henao [y otros 6]
250 _aPrimera edición
260 _aBogota :
_bFedesarrollo,
_c2017
300 _a341 páginas :
_bgráficos a blanco y negro ;
_c23 cm.
500 _aIncluye notas a pie de página.
504 _aBibliografía: página 341
505 0 _aTendencias del gasto público en Colombia -- El procesos presupuestal -- El empleo público en Colombia y su relación con el gasto: aspectos generales y recomendaciones -- Sistemas de compras y contratación pública (SCP)
650 1 4 _aGasto público
_zColombia
_98586
650 1 4 _aProceso presupuestal
_zColombia
_98587
650 1 4 _aEmpleo público
_zColombia
_98588
700 1 _aGonzález, Jorge Iván,
_eautor
_95104
700 1 _aHenao, Juan Carlos,
_eautor
_98589
942 _2ddc
_cBK
999 _c3324
_d3324